Emergencias y cuidados críticos en el gato / (Registro nro. 37908)

Detalles MARC
000 -Líder
campo de control de longitud fija 04081nam a2200325 a 4500
001 - Número de Control
campo de control 991017784717007486
005 - Fecha y Hora de Actualización
campo de control 20260417155325.0
008 - Longitud Fija
campo de control de longitud fija 251021s2025 sp do frf 000 0 spa d
020 ## - International Standard Book Number
ISBN 9788418636356
040 ## - Fuente de Catalogación
Centro catalogador/agencia de origen CO-BoBLA
Lengua de catalogación Español
Centro/agencia transcriptor CO-BoBLA
Normas de descripción rda
041 0# - Idioma
Código de lengua del texto/banda sonora o título independiente Español
100 ## - Entrada Principal -- Nombre de Persona
Nombre de persona Mouly, Javier
Término indicativo de función/relación autor
9 (RLIN) 1123
245 10 - Título Propiamente Dicho
Título Emergencias y cuidados críticos en el gato /
Mención de responsabilidad Javier Mouly, Pablo Donati.
264 #1 - Producción, Publicación, Distribución, Fabricación y Copyright
Producción, publicación, distribución, fabricación y copyright Barcelona :
Nombre del de productor, editor, distribuidor, fabricante Multimédica Ediciones Veterinarias,
Fecha de producción, publicación, distribución, fabricación o copyright 2025.
300 ## - Descripción Física
Extensión 361 páginas :
Otras características físicas gráficos, fotografías ;
Dimensiones 29 cm.
336 ## - Tipo de Contenido
Término de tipo de contenido texto
Código de tipo de contenido texto
Fuente rdacontent
337 ## - Tipo de Medio
Nombre/término del tipo de medio sin mediación
Código del tipo de medio no mediado
Fuente rdamedia
338 ## - Tipo de Portador
Nombre/término del tipo de soporte volumen
Código del tipo de soporte volumen
Fuente rdacarrier
504 ## - Nota de Bibliografía
Nota de bibliografía, etc. Nota Incluye bibliografía al final de cada capítulo.
505 ## - Nota de Contenido
Nota de contenido con formato Índice. <br/>Sección I Consideraciones de monitoreo y terapia de paciente crítico. -- Capítulo 1. Farmacología asociada a la medicina critica. -- capítulo 2. Sedación y analgesia e urgencias y cuidados críticos. -- Capítulo 3. Resucitación cardiopulmonar. -- Capítulo 4. Ultrasonografía en urgencias y cuidados intensivos. <br/>Sección II Shock -- Capítulo 5. Shock hipovolémico. -- Capítulo 6. Shock anafiláctico. -- Capítulo 7. Sepsis shock séptico. -- Capítulo8. Shock cardiogénico. <br/>Sección III Respiratorio -- Capítulo 9. Insuficiencia respiratoria, fisiopatológica y abordaje terapéutico. -- Capítulo 10. Asistencia ventilatoria mecánica. -- Capítulo 11. Patologías respiratorias especificas. <br/>Sección IV Cardiovascular -- Capítulo 12. Aproximación al felino con falla cardíaca. -- Capítulo 13. Eventos cardiovasculares graves. <br/>Sección V Trauma -- Capítulo 14. Shock traumático. -- Capítulo 15. Traumatismo encefalocraneano (TEC). -- Capítulo 16. Traumatismo espinal exógeno (TEE). -- Capítulo 17. Trauma abdominal (TA) y pélvico. -- Capítulo 18. Trauma torácico (TT).<br/>Sección VI Fluidoterapia Capítulo 19. Fluidoterapia y manejo del medio interno en felinos. <br/>Sección VII Gastrointestinal -- Capítulo 20. Lipidosis hepática (LH). -- Capítulo 21. Encefalopatía hepática (EH) y signos neurológicos posteriores a la atenuación (PANS). -- Capítulo 22. Triaditis felina. -- Capítulo 23. Nutrición en pacientes hospitalizados. <br/>Sección VIII Nefrourinario y reproductor. -- Capítulo 24. Uropatía obstructiva superior felina. Capítulo 25. Enfermedad del tracto urinario interior felino obstructivo, obstrucción urinaria baja.-- Capítulo 26. Enfermedad renal aguda en el gato. -- Capítulo 27. Enfermedad renal crónica (ERC) descompensada en la UCI. -- Capítulo 28. Distocia y manejo neonatal en la hembra felina. <br/>Sección IX Endocrino. -- Capítulo 29. Cetoacidosis diabética (CAD). -- Capítulo 30. Tormenta tiroidea. -- Capítulo 31. Hiperaldosteronismo primario felino. <br/>Sección X Neurología . -- Capítulo 32. estado epiléptico y convulsiones agrupadas. <br/>Sección XI Oftalmología . -- Capítulo 33. Urgencias oftalmológicas. <br/>Sección XII Hematología.-- Capítulo 34. Emergencias hematológicas. <br/>Sección XIII Toxicología. -- Capítulo 35. Intoxicaciones agudas. <br/>Sección XIV Oncología. -- Capítulo 36. Urgencias oncológicas. <br/>Sección XV Neonatología. -- Capítulo 37. Urgencias neonatológicas.
520 ## - Nota de Resumen
Sumario, etc. Obra que aborda el manejo clínico de emergencias y cuidados críticos en el gato doméstico. Presenta los principales síndromes de urgencia en medicina felina, así como los procedimientos diagnósticos y terapéuticos necesarios para la estabilización del paciente. Incluye orientación sobre monitoreo, soporte vital y tratamiento en situaciones críticas, dirigida a médicos veterinarios y estudiantes de medicina veterinaria.
598 ## - Programas Académicos
Programas Académicos Medicina Veterinaria
700 #2 - Entrada secundaria -- Nombre personal
Nombre de persona Donati, Pablo
Término indicativo de función/relación Autor
9 (RLIN) 1124
082 04 - Número de Clasificación Decimal Dewey
Número de clasificación 636.089
Número de ítem M927e
650 #7 - Punto de Acceso Adicional -- Materia general
Término de materia o nombre geográfico como elemento de entrada Medicina veterinaria
Subdivisión de forma Manuales
Fuente del encabezamiento o término BLAAUTO
650 #7 - Punto de Acceso Adicional -- Materia general
Término de materia o nombre geográfico como elemento de entrada Emergencias veterinarias
Subdivisión de forma Manuales.
Fuente del encabezamiento o término BLAAUTO
650 #7 - Punto de Acceso Adicional -- Materia general
Término de materia o nombre geográfico como elemento de entrada Cuidados intensivos veterinarios
Subdivisión de forma Manuales.
Fuente del encabezamiento o término BLAAUTO
650 #7 - Punto de Acceso Adicional -- Materia general
Término de materia o nombre geográfico como elemento de entrada Enfermedades de los gatos
Subdivisión general Diagnóstico y tratamiento
Subdivisión de forma Manuales.
Fuente del encabezamiento o término BLAAUTO
942 ## - Punto de Acceso Adicional Koha
Tipo de ítem Koha Libro general
Suprimir en OPAC No
Existencias
Estatus retirado Estado de pérdida Fuente de la clasificación o esquema de estantería Estado de daño No para préstamo Colección Biblioteca de origen Biblioteca actual Fecha de adquisición Forma de adquisición Precio Total de préstamos Signatura topográfica completa Código de barras Visto por última vez Precio de reemplazo Tipo de ítem Koha Programa académico
    Clasificación Decimal Dewey     General Biblioteca Uniagraria Biblioteca Uniagraria 09/04/2026 Compra 773.00   636.089/ M927e 0100030462 20/04/2026 20/04/2026 Libro general Medicina veterinaria